| 000 | 01362nmm a2200385 a 4500 | ||
|---|---|---|---|
| 001 | ocm000934168 | ||
| 003 | TR-IsHL | ||
| 005 | 20201028150015.0 | ||
| 008 | 150110s2012 tu tur | ||
| 007 | cr cn | ||
| 020 | _a9786053742982 | ||
| 035 |
_a934168 _b(N$T) |
||
| 050 | 0 | 4 |
_aHD31 _b.S6954 2012 |
| 090 | 0 | 4 |
_aHD31 _b.S6954 2012 |
| 100 | 1 | _aSöylemez, Mehmet Semih | |
| 245 | 1 | 0 |
_aDuygusal sermaye _h[electronic resource] / _cMehmet Semih Söylemez |
| 260 |
_aİstanbul : _bFinal Kültür Sanat Yayınları, _c2012 |
||
| 300 | _a249 p. | ||
| 650 | 4 | _aİşletme ve Yönetim | |
| 650 | 4 | _aBusiness and Management | |
| 650 | 0 | _aEndüstriyel yönetim | |
| 650 | 0 | _aIndustrial management | |
| 650 | 0 |
_aEndüstriyel yönetim _x Söylevler, denemeler, konferanslar |
|
| 650 | 0 |
_aIndustrial management _xAddresses, essays, lectures |
|
| 650 | 0 |
_aYöneticilik yeteneği _x Söylevler, denemeler, konferanslar |
|
| 650 | 0 |
_aExecutive ability _xAddresses, essays, lectures |
|
| 650 | 0 | _aEleştirel düşünüş | |
| 650 | 0 | _aCritical thinking | |
| 650 | 0 | _aİşletmecilik | |
| 650 | 0 | _aBusiness | |
| 650 | 0 | _aStratejik planlama | |
| 650 | 0 | _aStrategic planning | |
| 650 | 7 |
_aBUSINESS & ECONOMICS / Industrial Management _2bisacsh |
|
| 856 | 4 | 0 | _uhttp://search.ebscohost.com/login.aspx?direct=true&scope=site&db=e011xww&AN=934168 |
| 999 |
_c10245 _d10245 |
||